| 000 | 00934cam a2200241 a 4500 | ||
|---|---|---|---|
| 001 | ca 24000703 | ||
| 003 | DLC | ||
| 005 | 20260227111113.0 | ||
| 008 | 840306s1924 ksu 000 0 eng | ||
| 010 | _aca 24000703 | ||
| 040 |
_aDLC _cDLC _dDLC |
||
| 050 | 0 | 0 |
_aBT309 _b.H33 |
| 051 |
_aAC1 _b.L8 no. 532 |
||
| 100 | 1 |
_aHarvey, Alexander, _d1868-1949. |
|
| 245 | 1 | 0 |
_aEssays on Jesus / _cAlexander Harvey. |
| 260 |
_aGirard, Kan. : _bHaldeman-Julius Co., _cc1924. |
||
| 300 |
_a64 p. ; _c13 cm. |
||
| 440 | 0 |
_aLittle blue book ; _vno. 532 |
|
| 505 | 0 | _aThe mystery of the yellow streak -- Martha, the intellectual -- The masculinity of Peter -- The woman in the Baptist's case -- The Napoleonic conception of Jesus -- The swine and the devils -- The clown of the crucifixion. | |
| 500 | _aPublisher's advertisements on p. 61-64 and p. [4] of cover. | ||
| 600 | 0 | 0 | _aJesus Christ. |
| 600 | 0 | 0 |
_aJesus Christ _xFriends and associates. |
| 999 |
_c15836 _d15836 |
||